000 00664nam a2200217 a 4500
003 BD-RjUL
005 20240123122225.0
008 000207s19621951enk 00011 eng d
035 _a(BD-RjUL)
040 _aANL
_beng
_dANL
_cBD-RjUL
041 _aeng
082 0 _a823.912
_220
_bDOC 1962
100 1 _aDoyle, Arthur Conan,
_d1859-1930.
_910926
245 1 4 _aThe case-book of Sherlock Holmes /
_cSir Arthur Conan Doyle.
260 _aHarmondsworth, Eng. :
_bPenguin Books,
_c1951.[reprinted1962]
300 _a254 p. ;
_c18 cm.
490 1 _aPenguin books ;
_v805
500 _aFirst published 1927
830 0 _aPenguin books ;
_v805.
_910969
942 _2ddc
_cBK
999 _c82740
_d82740